000 00841nas a22001817a 4500
007 ta
008 230303s2022 xxk||||| ||||l00| 0 eng d
041 _aeng
245 _aInquest Touching the Death of Awaab Ishak
_bfindings and conclusions
260 _bNorth Manchester Coronor's Court
_c15 November 2022
520 _aInquest into the death of two-year-old Awaab Ishak which concluded he died from a respiratory condition caused by long-term exposure to mould.
650 _aSOCIAL HOUSING
650 _aMOULD
650 _aBUILDING DEFECTS
651 _aUnited Kingdom
700 _aKearsley, Joanne
856 _uhttps://view.officeapps.live.com/op/view.aspx?src=https%3A%2F%2Fnearlylegal.wpenginepowered.com%2Fwp-content%2Fuploads%2F2022%2F11%2FHMC-RULING-download-from-170443.docx&wdOrigin=BROWSELINK
_zInquest findings online here
999 _c121387
_d121387